Central Library OPAC University of Rajshahi

শিক্ষা গবেষণার সহজপাঠ / (Record no. 81656)

MARC details
000 -LEADER
fixed length control field 00898nam a2200241 a 4500
001 - CONTROL NUMBER
control field 81656
003 - CONTROL NUMBER IDENTIFIER
rucl marc code BD-RjUL
005 - DATE AND TIME OF LATEST TRANSACTION
control field 20230809113815.0
008 - FIXED-LENGTH DATA ELEMENTS--GENERAL INFORMATION
fixed length control field 230809s2019 bg ||||| |||| 00| 0 ben d
020 ## - INTERNATIONAL STANDARD BOOK NUMBER
International Standard Book Number 9789848040133
035 ## - SYSTEM CONTROL NUMBER
System control number (BD-RjUL)81656
040 ## - CATALOGING SOURCE
Original cataloging agency BD-RjUL
Language of cataloging eng
Transcribing agency BD-RjUL
041 ## - LANGUAGE CODE
Language code of text/sound track or separate title ben
082 ## - DEWEY DECIMAL CLASSIFICATION NUMBER
Edition number 23
Classification number 370.72
Author mark and year ZAS 2019
100 ## - MAIN ENTRY--PERSONAL NAME
Personal name জামান, রায়হান আরা
9 (RLIN) 8257
245 10 - TITLE STATEMENT
Title শিক্ষা গবেষণার সহজপাঠ /
Statement of responsibility, etc. রায়হান আরা জামান, রিদওয়ানুল মসরুর
260 ## - PUBLICATION, DISTRIBUTION, ETC. (IMPRINT)
Place of publication, distribution, etc. ঢাকা :
Name of publisher, distributor, etc. আদর্শ,
Date of publication, distribution, etc. ২০১৯
300 ## - PHYSICAL DESCRIPTION
Pagination ১৮৩ পৃ.;
Size ২২ সেমি.
650 ## - SUBJECT ADDED ENTRY--TOPICAL TERM
Topical term or geographic name as entry element শিক্ষা
General subdivision গবেষণা
9 (RLIN) 8258
Topical term or geographic name as entry element Education
General subdivision Research
9 (RLIN) 8259
700 ## - ADDED ENTRY--PERSONAL NAME
Personal name মসরুর, রিদওয়ানুল
942 ## - ADDED ENTRY ELEMENTS (KOHA)
Source of classification or shelving scheme Dewey Decimal Classification
Koha item type Books
Holdings
Lost status Source of classification or shelving scheme Damaged status Not for loan Collection code Permanent Location Current Location Shelving location Date acquired Source of acquisition Cost, normal purchase price Total Checkouts Full call number Date last seen Copy number Koha item type
  Dewey Decimal Classification   Not For Loan Non-fiction Central Library, University of Rajshahi Central Library, University of Rajshahi Reading Room 19/06/2023 Rajshahi : Biddasagar 288.00   B 370.72 ZAS 2019 09/08/2023 C-1 Books
  Dewey Decimal Classification     Non-fiction Central Library, University of Rajshahi Central Library, University of Rajshahi General Stacks 19/06/2023 Rajshahi : Biddasagar 288.00   B 370.72 ZAS 2019 09/08/2023 C-2 Books